Charles & Ray Eames, 1907-1978, 1912-1988 : pioneers of mid-century modernism

Saved in:
Bibliographic Details
Main Author: Koening, Gloria
Format: Book
Language:English
Published: Koln : Taschen, c2005
Series:Basic art series
Subjects:
Tags: Add Tag
No Tags, Be the first to tag this record!

MARC

LEADER 00000nam a2200000 i 4500
001 1/77039
008 080311s2005 eng d
020 |a 3-8228-3651-6 
035 |l 10095321 
040 |a GR-MY-UA  |b gre  |e aacr 
041 0 |a eng 
082 0 |a 745.4092273  |2 (22) 
100 1 |a Koening, Gloria. 
245 1 0 |a Charles & Ray Eames, 1907-1978, 1912-1988 :  |b pioneers of mid-century modernism /  |c Gloria Koenig 
246 3 4 |a Eames 
260 |a Koln :   |b Taschen,   |c c2005 
300 |a 96 σ.;  |b εικ. (μερικές έγχρ.);  |c 23 εκ. 
490 1 |a Basic art series 
504 |a Βιβλιογραφία: σ. 96. 
600 1 0 |a Eames Charles. 
600 1 0 |a Eames Ray. 
650 0 0 |a Designers  |z United States  |x Biography. 
830 0 |a Basic art series 
852 |a INST  |b SYROS  |e 20080311  |h 745.4092273 KOE  |p 005500006401  |q 005500006401  |t BK  |y 4  |x 20130319 
901 |a BIBL5-2008-1 
909 |a Ε  |b 133601 
922 |a 5ΕΛΗ  |b 200709  |c ΒΙΒΛΙΟΘΗΚΗ ΣΥΡΟΥ  |d GLORYBOOK 
970 |a ΚΑΓΙΑΒΑ  |b ΕΙΡΗΝΗ  |z 2008/03/11